Flash 4 bible /

Zapisane w:
Opis bibliograficzny
1. autor: Reinhardt, Robert, 1973-
Format: Książka
Język:English
Wydane: Foster City, CA : IDG Books Worldwide, 2000.
Hasła przedmiotowe:
Etykiety: Dodaj etykietę
Nie ma etykietki, Dołącz pierwszą etykiete!
Thư viện lưu trữ: Mạng thư viện Đại học Đà Nẵng
LEADER 00850cam a2200337 i 4500
001 000045206
003 4374
005 20030226094532.0
008 010220|2000 vm 000 eng
020 |a 0764533568 
040 |a IRC  |c IRC  |d IRC 
041 0 |a eng 
082 1 4 |a 006.696  |b RE-R 
100 1 |a Reinhardt, Robert,  |d 1973- 
245 0 0 |a Flash 4 bible /  |c Robert Reinhardt. 
260 |a Foster City, CA :  |b IDG Books Worldwide,  |c 2000. 
300 |a xxxi, 611p. :  |b ill. 
630 0 4 |a Flash. 
650 0 4 |a Flash (Computer file) 
650 0 4 |a Interactive multimedia. 
650 0 4 |a Computer animation. 
OWN |a DUT 
999 |a From the UDN01 
TYP |a Monograph 
TYP |a Printed language 
980 |a Mạng thư viện Đại học Đà Nẵng